Catálogo público

Autodiagnostico de la Calidad Higienica en las Instalaciones Agroalimentarias / (Record no. 173543)

MARC details
000 -CABECERA
campo de control de longitud fija 00713nam a2200241Ia 4500
001 - NÚMERO DE CONTROL
campo de control dia_3038
003 - IDENTIFICADOR DEL NÚMERO DE CONTROL
campo de control CHAP
005 - FECHA Y HORA DE LA ÚLTIMA TRANSACCIÓN
campo de control 20230508105137.0
008 - DATOS DE LONGITUD FIJA--INFORMACIÓN GENERAL
campo de control de longitud fija 220117s1996 xx 000 0 und d
010 ## - NÚMERO DE CONTROL DE LA BIBLIOTECA DEL CONGRESO
Número de control de LC 173543
040 ## - FUENTE DE LA CATALOGACIÓN
Centro/agencia transcriptor CHAP
082 ## - NÚMERO DE LA CLASIFICACIÓN DECIMAL DEWEY
Número de clasificación 728.6 S3
100 ## - ENTRADA PRINCIPAL--NOMBRE DE PERSONA
Nombre de persona Sancho I Valls, Josep
9 (RLIN) 102009
245 ## - MENCIÓN DE TÍTULO
Título Autodiagnostico de la Calidad Higienica en las Instalaciones Agroalimentarias /
Mención de responsabilidad, etc. por Josep Sancho I Valls
260 ## - PUBLICACIÓN, DISTRIBUCIÓN, ETC.
Lugar de publicación, distribución, etc. México, Mundi-Prensa
Fecha de publicación, distribución, etc. 1996
300 ## - DESCRIPCIÓN FÍSICA
Extensión 126P.
650 ## - PUNTO DE ACCESO ADICIONAL DE MATERIA--TÉRMINO DE MATERIA
Término de materia o nombre geográfico como elemento de entrada 1.Construcciones
9 (RLIN) 153934
650 ## - PUNTO DE ACCESO ADICIONAL DE MATERIA--TÉRMINO DE MATERIA
Término de materia o nombre geográfico como elemento de entrada Ingeniería agricola
9 (RLIN) 58196
901 ## - ELEMENTOS DE DATOS A LOCAL LDA (RLIN)
a 728.6 S3
902 ## - ELEMENTOS DE DATOS B LOCAL, LDB (RLIN)
a M
905 ## - ELEMENTOS DE DATOS E LOCAL, LDE (RLIN)
a 0000001996 MEXA 0000000000ESP00
942 ## - ELEMENTOS DE PUNTO DE ACCESO ADICIONAL (KOHA)
Tipo de ítem Koha Libro
Fuente del sistema de clasificación o colocación Dewey Decimal Classification
Holdings
Estado de retiro Estado de pérdida Fuente del sistema de clasificación o colocación Estado dañado No para préstamo Código de colección Localización permanente Ubicación/localización actual Fecha de adquisición Información codificada de la localización en otra ubicación Total de préstamos Signatura topográfica completa Código de barras Fecha visto por última vez Número de copia Precio válido a partir de Tipo de ítem Koha
    Dewey Decimal Classification     General Ingenieria Agroindustrial Ingenieria Agroindustrial 18/01/2022 1   728.6 S3 dia_4781 18/01/2022 1 18/01/2022 Libro